01081nab a22002057a 4500003000400000005001700004008004100021040001100062100002800073245009100101260007300192300001500265500003800280505023800318505008900556650005200645650002700697650001500724773013600739OSt20250225234137.0190603e xxum|||| |||| 00| 0 spa d cPJ-TDF aViviano Hidalgo, Marina13aEl silencio en la adopción. Una mirada interdisciplinaria /cMarina Viviano Hidalgo. cCiudad Autónoma de Buenos Aires :aThomson Reuters La Ley, b2024. ap. 135-138 aCita: TR LALEY AR/DOC/2699/2024.  aSumario: I. Introducción.— II. Novela familiar.— III. El silencio como obstáculo en el proceso de vinculación.— IV. El silencio en la narrativa personal del niño.— V. El derecho sale a la cancha.— VI. Conclusión.  t¿Te interesa el texto completo? Solicitalo al correo: koha@justierradelfuego.gov.ar 0aDERECHOS DE LAS NIÑAS, NIÑOS Y ADOLESCENTES 0aDERECHO A LA IDENTIDAD 0aADOPCIÓN0 02713dCiudad Autónoma de Buenos Aires : Thomson Reuters La Ley, 2015-tRevista Código Civil y Comercial. Nº 6 - Diciembre 2024